L'Enseignement Tchécoslovaque Das L'Année Scolaire 1961-62

Bibliographic Details
Format: Book
Language:Undetermined
PhysicalDescription:33 s.
Published: Praha SPN 1962

MARC

LEADER 00000nam a2200000 a 4500
001 vtls001361323
003 SK-MaSNL
005 20260223215903.0
008 990422s1962 xx 0 und
035 |a SNK000314900 
040 |a SNK  |b slo  |c SNK  |e AACR2 
245 1 |a L'Enseignement Tchécoslovaque Das L'Année Scolaire 1961-62 
260 |a Praha  |b SPN  |c 1962 
300 |a 33 s. 
999 |c 720849  |d 722779 
952 |t P60, <04>, [BOOK], {604}  |a SNK  |b SNK  |y VYP  |7 0  |p 17A0190051  |o snkID 32125  |0 0  |1 0  |4 0  |d 1999-04-22  |l 0  |r 2005-01-02 00:00:00  |w 2026-02-23